[Event "32nd ECC Open 2016"]
[Site "Novi Sad SRB"]
[Date "2016.11.07"]
[Round "2.29"]
[White "Berry, Neil"]
[Black "Jones, Iolo C"]
[Result "1/2-1/2"]
[WhiteTitle "FM"]
[BlackTitle "FM"]
[WhiteElo "2299"]
[BlackElo "2172"]
[WhiteTeam "Edinburgh Chess Club"]
[BlackTeam "Cardigan"]
[WhiteFideId "2400650"]
[BlackFideId "1800094"]
[EventDate "2016.11.06"]

1. d4 Nf6 2. c4 e6 3. g3 Bb4+ 4. Bd2 Qe7 5. Nf3 Bxd2+ 6. Qxd2 O-O 7. Nc3 d6 8.
Bg2 Nbd7 9. O-O e5 10. e4 Re8 11. Rfe1 c6 12. Rad1 Nb6 13. b3 Bg4 14. h3 Bxf3
15. Bxf3 Rad8 16. Bg2 Nh5 17. Ne2 c5 18. dxc5 dxc5 19. Qa5 Nc8 20. Nc3 b6 21.
Qa3 Rd4 22. Nb5 Rd7 23. Nc3 Rd4 24. Nb5 Rd7 25. Nc3 Rd4 26. Nb5 Rd7 1/2-1/2

[Event "32nd ECC Open 2016"]
[Site "Novi Sad SRB"]
[Date "2016.11.07"]
[Round "2.29"]
[White "Heap, Gerry"]
[Black "Mcgowan, Daniel"]
[Result "1/2-1/2"]
[WhiteElo "2060"]
[BlackElo "2156"]
[WhiteTeam "Cardigan"]
[BlackTeam "Edinburgh Chess Club"]
[WhiteFideId "415650"]
[BlackFideId "2401479"]
[EventDate "2016.11.06"]

1. c4 Nf6 2. Nc3 e6 3. e4 d5 4. e5 Nfd7 5. cxd5 Nxe5 6. d4 Ng6 7. Bb5+ c6 8.
dxc6 bxc6 9. Ba4 Bd6 10. Nf3 Ba6 11. Bc2 Nd7 12. Bd3 Bxd3 13. Qxd3 O-O 14. O-O
Nf6 15. g3 Qa5 16. Ng5 Rfd8 17. Qf3 Rac8 18. Be3 Rd7 19. Nce4 Nxe4 20. Nxe4 Qd5
21. Kg2 Be7 22. Rfd1 Rcd8 23. b3 f5 24. Ng5 e5 25. Rac1 e4 26. Qh5 Nf8 27. Rc4
f4 28. gxf4 h6 29. h4 hxg5 30. hxg5 g6 31. Qg4 Bd6 32. Rh1 Rh7 33. Rh6 Rdd7 34.
Rxh7 Kxh7 35. Rc1 Kg8 36. Rh1 Qf5 37. Qxf5 gxf5 38. Rh6 Kg7 39. Rf6 Ng6 40. Kg3
Ne7 41. Bc1 Bb4 42. Bb2 Nd5 43. Rxf5 Bd6 44. Bc1 Kg6 45. Kg4 Rh7 46. Re5 Bxe5
47. f5+ Kg7 48. dxe5 Rh1 49. Bb2 Rg1+ 50. Kh4 Rh1+ 51. Kg4 Rg1+ 1/2-1/2

[Event "32nd ECC Open 2016"]
[Site "Novi Sad SRB"]
[Date "2016.11.07"]
[Round "2.29"]
[White "Kafka, Graeme"]
[Black "Van Kemenade, Rudy"]
[Result "0-1"]
[WhiteElo "2061"]
[BlackElo "1969"]
[WhiteTeam "Edinburgh Chess Club"]
[BlackTeam "Cardigan"]
[WhiteFideId "2401487"]
[BlackFideId "410942"]
[EventDate "2016.11.06"]

1. e4 e5 2. Nf3 Nf6 3. Nxe5 d6 4. Nf3 Nxe4 5. d4 d5 6. Bd3 Nc6 7. O-O Bg4 8. Re1
f5 9. c3 Be7 10. Nbd2 O-O 11. Qc2 Bd6 12. Bf1 Kh8 13. c4 Nxd2 14. Nxd2 Nxd4 15.
Qc3 dxc4 16. Nxc4 c5 17. Nxd6 Qxd6 18. Bg5 Rae8 19. Qd2 Qg6 20. Qf4 Ne6 21. Rxe6
Rxe6 22. f3 Bxf3 23. Qxf3 Qxg5 24. Qxb7 Re7 25. Qd5 Qe3+ 26. Kh1 h6 27. h3 Qf2
28. Bd3 Qd4 29. Qf3 Re3 0-1

[Event "32nd ECC Open 2016"]
[Site "Novi Sad SRB"]
[Date "2016.11.07"]
[Round "2.29"]
[White "Haigh, Tony"]
[Black "White, Alastair F"]
[Result "1/2-1/2"]
[WhiteElo "1810"]
[BlackElo "2078"]
[WhiteTeam "Cardigan"]
[BlackTeam "Edinburgh Chess Club"]
[WhiteFideId "1802569"]
[BlackFideId "2402041"]
[EventDate "2016.11.06"]

1. d4 d6 2. e4 Nf6 3. Nc3 g6 4. Nf3 Bg7 5. Be3 a6 6. Qd2 b5 7. a3 Bb7 8. e5 Ng4
9. exd6 Nxe3 10. fxe3 exd6 11. Bd3 Nd7 12. O-O c5 13. Be4 Bxe4 14. Nxe4 Qe7 15.
Nf2 O-O 16. c3 a5 17. e4 Nb6 18. Rfe1 Rfd8 19. Qe2 b4 20. axb4 axb4 21. Ra6 Qb7
22. Rea1 Rxa6 23. Qxa6 Qxa6 24. Rxa6 Rb8 25. Nd3 bxc3 26. bxc3 cxd4 27. cxd4 Nc4
28. Rc6 Rb1+ 29. Kf2 Nb2 30. Nxb2 Rxb2+ 31. Kg3 Bf8 32. d5 Rb4 33. e5 Rb5 34.
exd6 Rxd5 35. Rc8 Kg7 36. h3 Bxd6+ 37. Kf2 Kf6 38. g4 Rc5 39. Rxc5 Bxc5+ 40. Kg2
h6 41. Kg3 Be3 42. Kg2 Ke6 43. Kf1 Kd5 44. Ke2 Ke4 45. Nh4 Bc5 46. Ng2 f6 47.
Nh4 g5 48. Nf5 h5 49. Ng3+ Kf4 50. Nxh5+ Ke5 51. Nxf6 Kxf6 52. h4 gxh4 53. Kf3
Kg5 1/2-1/2

[Event "32nd ECC Open 2016"]
[Site "Novi Sad SRB"]
[Date "2016.11.07"]
[Round "2.29"]
[White "Antunes, Andre"]
[Black "Denham, Colin"]
[Result "1-0"]
[WhiteElo "1987"]
[BlackElo "1653"]
[WhiteTeam "Edinburgh Chess Club"]
[BlackTeam "Cardigan"]
[WhiteFideId "1903292"]
[BlackFideId "1802488"]
[EventDate "2016.11.06"]

1. d4 Nf6 2. Nf3 d5 3. Bg5 Nc6 4. e3 h6 5. Bh4 a6 6. a4 Bf5 7. Bd3 Bxd3 8. Qxd3
Nb4 9. Qb3 a5 10. c3 Nd3+ 11. Ke2 c5 12. Qb5+ Nd7 13. Kxd3 c4+ 14. Ke2 g5 15.
Bg3 Qb6 16. Qxb6 Nxb6 17. Na3 f6 18. Nd2 h5 19. Nb5 Kd7 20. f3 h4 21. Bc7 Nxa4
22. Rxa4 Kc6 23. Rxa5 Rxa5 24. Bxa5 Kxb5 25. Bb4 e6 26. Bxf8 Rxf8 27. Ra1 Rc8
28. Ra3 Kc6 29. b3 cxb3 30. Nxb3 Kd6 31. Kd3 e5 32. Nc5 exd4 33. cxd4 b6 34. Ra6
Rb8 35. Na4 Kc6 36. e4 dxe4+ 37. Kxe4 Re8+ 38. Kf5 Kb5 39. Rxb6+ Kxa4 40. d5
Re5+ 41. Kxf6 Rxd5 42. Rb2 Ka3 43. Re2 Kb3 44. Re5 Rd2 45. Rxg5 h3 46. gxh3 Rxh2
47. Rg3 Kc4 48. f4 Kd4 49. f5 Ke4 50. Kg5 Rf2 51. f6 Ke5 52. Kg6 Ke6 53. Kg7 Rc2
54. f7 Rc7 55. Re3+ Kd5 56. Kg8 1-0

[Event "32nd ECC Open 2016"]
[Site "Novi Sad SRB"]
[Date "2016.11.07"]
[Round "2.30"]
[White "Villegas, Pierre"]
[Black "Moran, Stephen"]
[Result "1-0"]
[WhiteTitle "FM"]
[WhiteElo "2344"]
[BlackElo "2180"]
[WhiteTeam "Cercle d'Echecs Monte-Carlo"]
[BlackTeam "Trinity College Dublin"]
[WhiteFideId "654183"]
[BlackFideId "2501872"]
[EventDate "2016.11.06"]

1. d4 Nf6 2. c4 g6 3. f3 Nc6 4. d5 Ne5 5. e4 d6 6. Nc3 Bg7 7. Be2 O-O 8. f4 Ned7
9. Be3 e6 10. dxe6 fxe6 11. Nh3 b6 12. O-O Nc5 13. Qc2 Bb7 14. Bf3 a5 15. Bxc5
dxc5 16. e5 1-0

[Event "32nd ECC Open 2016"]
[Site "Novi Sad SRB"]
[Date "2016.11.07"]
[Round "2.30"]
[White "Menzies, Colin"]
[Black "Ribbegren, Karl Johan"]
[Result "1-0"]
[WhiteElo "2144"]
[BlackElo "2248"]
[WhiteTeam "Trinity College Dublin"]
[BlackTeam "Cercle d'Echecs Monte-Carlo"]
[WhiteFideId "2502755"]
[BlackFideId "5400040"]
[EventDate "2016.11.06"]

1. e4 Nf6 2. e5 Nd5 3. Nc3 Nxc3 4. dxc3 g6 5. Nf3 Bg7 6. Bc4 Nc6 7. Bf4 d6 8.
Qe2 O-O 9. O-O-O Bg4 10. e6 f6 11. h3 Bxf3 12. Qxf3 Rb8 13. Qe3 a6 14. h4 Ne5
15. Bxe5 fxe5 16. h5 Qe8 17. Bd3 d5 18. hxg6 hxg6 19. Rh6 Rf6 20. Rdh1 Rxe6 21.
Qh3 Rf6 22. Rxg6 Rxg6 23. Qh7+ Kf8 24. Bxg6 Qc6 25. Rh3 e4 26. Rh4 Qe6 27. Rf4+
Bf6 28. Qh8+ Qg8 29. Rxf6+ 1-0

[Event "32nd ECC Open 2016"]
[Site "Novi Sad SRB"]
[Date "2016.11.07"]
[Round "2.30"]
[White "Efimov, Igor"]
[Black "Bourached, Anthony"]
[Result "1-0"]
[WhiteTitle "GM"]
[WhiteElo "2395"]
[BlackElo "1941"]
[WhiteTeam "Cercle d'Echecs Monte-Carlo"]
[BlackTeam "Trinity College Dublin"]
[WhiteFideId "806404"]
[BlackFideId "2504456"]
[EventDate "2016.11.06"]

1. d4 Nf6 2. c4 e6 3. Nc3 Bb4 4. e3 O-O 5. Bd3 d5 6. cxd5 exd5 7. Ne2 Re8 8. O-O
Bd6 9. Nf4 Bf8 10. Bd2 c6 11. f3 c5 12. g4 cxd4 13. exd4 Qb6 14. g5 Qxd4+ 15.
Kh1 Nbd7 16. Nb5 1-0

[Event "32nd ECC Open 2016"]
[Site "Novi Sad SRB"]
[Date "2016.11.07"]
[Round "2.30"]
[White "Tirziman, Rudolf"]
[Black "Van Hoolandt, Patrick"]
[Result "0-1"]
[BlackTitle "FM"]
[WhiteElo "1991"]
[BlackElo "2156"]
[WhiteTeam "Trinity College Dublin"]
[BlackTeam "Cercle d'Echecs Monte-Carlo"]
[WhiteFideId "2508664"]
[BlackFideId "200999"]
[EventDate "2016.11.06"]

1. e4 e5 2. Nf3 Nc6 3. d4 exd4 4. Nxd4 Nf6 5. Nxc6 bxc6 6. e5 Qe7 7. Qe2 Nd5 8.
c4 Nb6 9. b3 g6 10. g3 Bg7 11. Bb2 O-O 12. Nd2 Re8 13. f4 d5 14. cxd5 cxd5 15.
Bg2 a5 16. Qe3 Ba6 17. Rc1 f6 18. Nf3 Rac8 19. Qc5 Qxc5 20. Rxc5 Bf8 21. Rc1 c5
22. Kd1 f5 23. Bf1 Bxf1 24. Rxf1 a4 25. Ba3 axb3 26. axb3 d4 27. Nd2 Nd5 28. Nc4
Rb8 29. Kc2 Rb5 30. Rb1 Reb8 31. Rf3 Nc3 32. Rb2 Ra8 33. Rf1 Nd5 34. Rg1 Ne3+
35. Nxe3 dxe3 36. Ra2 Rba5 37. Rga1 c4 38. bxc4 Rxa3 39. Rxa3 Rxa3 40. Rb1 Ra2+
41. Kb3 Rxh2 42. Ka4 Rc2 43. Kb5 e2 44. Kc6 Rxc4+ 45. Kd5 Re4 0-1

[Event "32nd ECC Open 2016"]
[Site "Novi Sad SRB"]
[Date "2016.11.07"]
[Round "2.30"]
[White "Nelis, Jean-Francois"]
[Black "Scott, Luke"]
[Result "1-0"]
[WhiteElo "2158"]
[BlackElo "2016"]
[WhiteTeam "Cercle d'Echecs Monte-Carlo"]
[BlackTeam "Trinity College Dublin"]
[WhiteFideId "623830"]
[BlackFideId "2507986"]
[EventDate "2016.11.06"]

1. d4 d5 2. Bf4 Nf6 3. e3 c5 4. Nc3 a6 5. dxc5 Nc6 6. a3 Bf5 7. Nf3 e6 8. Na4
Nd7 9. b4 Be7 10. c4 dxc4 11. Bxc4 Bf6 12. Rc1 O-O 13. Bd6 Re8 14. O-O Bg4 15.
h3 Bh5 16. Be2 Bxf3 17. Bxf3 Nf8 18. Qb3 Ng6 19. Nb6 Ra7 20. Rfd1 1-0

[Event "32nd ECC Open 2016"]
[Site "Novi Sad SRB"]
[Date "2016.11.07"]
[Round "2.30"]
[White "Benson, Oisin P."]
[Black "Rapaire, Jean-michel"]
[Result "1-0"]
[WhiteElo "1972"]
[BlackElo "1779"]
[WhiteTeam "Trinity College Dublin"]
[BlackTeam "Cercle d'Echecs Monte-Carlo"]
[WhiteFideId "2501821"]
[BlackFideId "5400023"]
[EventDate "2016.11.06"]

1. d4 d6 2. c4 Nf6 3. Nf3 g6 4. Nc3 Bg7 5. e4 O-O 6. Be2 c5 7. d5 h6 8. O-O Na6
9. Re1 Nc7 10. h3 a6 11. a4 Kh7 12. a5 Bd7 13. Bf4 Rb8 14. e5 dxe5 15. Bxe5 Qc8
16. Na4 Bxa4 17. Qxa4 Nd7 18. Bxg7 Kxg7 19. Rad1 Ne8 20. Bf1 Qd8 21. g3 Nd6 22.
h4 f5 23. b3 Ne4 24. h5 g5 25. Qa1+ Kh7 26. Bd3 Ndf6 27. Ne5 Kg8 28. Ng6 Rf7 29.
Bxe4 fxe4 30. Rxe4 Kh7 31. Re6 Nxh5 32. Ne5 Rf6 33. Qb1+ Kg8 34. Rxf6 exf6 35.
Qg6+ Ng7 36. Qf7+ Kh8 37. Nd7 Qe8 38. Qxe8+ Rxe8 39. Nxc5 Nf5 40. d6 1-0

[Event "32nd ECC Open 2016"]
[Site "Novi Sad SRB"]
[Date "2016.11.07"]
[Round "2.31"]
[White "Percin, Onder"]
[Black "Murray, David"]
[Result "0-1"]
[WhiteElo "1972"]
[BlackElo "2139"]
[WhiteTeam "Hatay Metropolitan"]
[BlackTeam "Gonzaga"]
[WhiteFideId "6345190"]
[BlackFideId "2501511"]
[EventDate "2016.11.06"]

1. e4 e5 2. Nf3 Nc6 3. Bb5 a6 4. Ba4 Nf6 5. O-O b5 6. Bb3 Bc5 7. Re1 O-O 8. c3
d6 9. h3 Bb7 10. d4 Bb6 11. a3 Re8 12. Bc2 Ne7 13. Nbd2 Ng6 14. g3 exd4 15. cxd4
c5 16. d5 c4 17. Nf1 Qd7 18. Kg2 h6 19. Be3 Ba5 20. Bd2 c3 21. Bxc3 Bxc3 22.
bxc3 Rac8 23. Re3 Rc4 24. N1d2 Rc7 25. Qb1 Bc8 26. Ng1 Ne5 27. a4 Nc4 28. Nxc4
Rxc4 29. axb5 Qxb5 30. Qxb5 axb5 31. Bd3 Rxc3 32. Bxb5 Rxe3 33. fxe3 Bd7 34.
Bxd7 Nxd7 35. Kf3 Nc5 36. Ne2 Nxe4 37. h4 Nd2+ 38. Kf2 Nc4 39. Ra6 Re5 40. Nc3
Rxe3 41. Nb5 Rd3 42. Rc6 Rd2+ 43. Ke1 Rxd5 44. Nc3 Rd4 45. Nb5 Re4+ 46. Kf2 d5
47. Nc3 Rd4 48. Rc8+ Kh7 49. Nxd5 Nd6 50. Rc5 Rxh4 51. Rc6 Ne4+ 52. Kf3 Ng5+ 53.
Kf2 Rh2+ 54. Kg1 Rd2 55. Ne3 Ne4 56. Nf1 Re2 57. Ra6 g6 58. Ra3 Kg7 59. Rd3 f5
60. Ra3 Kf6 61. Ne3 Kg5 62. Nd5 Kg4 63. Ne7 g5 64. Ng8 Nxg3 65. Nxh6+ Kh3 66.
Rxg3+ Kxg3 67. Nxf5+ Kf4 68. Nd4 Rb2 69. Kf1 g4 70. Ne2+ Rxe2 0-1

[Event "32nd ECC Open 2016"]
[Site "Novi Sad SRB"]
[Date "2016.11.07"]
[Round "2.31"]
[White "Li, Henry"]
[Black "Percin, Baris"]
[Result "1-0"]
[WhiteElo "2113"]
[BlackElo "1877"]
[WhiteTeam "Gonzaga"]
[BlackTeam "Hatay Metropolitan"]
[WhiteFideId "2508524"]
[BlackFideId "6345174"]
[EventDate "2016.11.06"]

1. e4 e5 2. Nf3 Nc6 3. Bb5 a6 4. Ba4 Nf6 5. O-O Be7 6. Re1 b5 7. Bb3 d6 8. c3
O-O 9. h3 Nb8 10. d4 Nbd7 11. Nbd2 Bb7 12. Bc2 Re8 13. Nf1 Bf8 14. Ng3 g6 15. a4
c5 16. d5 c4 17. Bg5 h6 18. Be3 Bg7 19. Qd2 Kh7 20. Ra3 Qc7 21. Rea1 Nc5 22. Qe2
Nfd7 23. Nd2 Nb6 24. h4 Ncxa4 25. Bxa4 Nxa4 26. Nxc4 Rac8 27. Rxa4 bxa4 28. Rxa4
Rb8 29. Ba7 Ra8 30. Bb6 Qd7 31. b3 Bf6 32. Ba5 Bd8 33. Bb4 Bc7 34. Qe3 Qd8 35.
Ba3 a5 36. f4 Ba6 37. fxe5 Bxc4 38. bxc4 Qd7 39. Bc1 Bb6 40. Qxb6 Qxa4 41. Qe3
Qd1+ 42. Kh2 Rh8 43. Qf4 Kg8 44. exd6 a4 45. e5 Qc2 46. e6 fxe6 47. dxe6 Rf8 48.
Qe3 Rf2 49. d7 Rxg2+ 50. Kh3 Rh2+ 51. Kg4 Qd1+ 52. Qf3 h5+ 53. Kf4 Qxc1+ 54. Ke5
Kh7 55. e7 Qe1+ 56. Ne4 1-0

[Event "32nd ECC Open 2016"]
[Site "Novi Sad SRB"]
[Date "2016.11.07"]
[Round "2.31"]
[White "Gundogan, Sinem Cagla"]
[Black "Freeman, Gordon"]
[Result "1-0"]
[WhiteTitle "WCM"]
[WhiteElo "1952"]
[BlackElo "2119"]
[WhiteTeam "Hatay Metropolitan"]
[BlackTeam "Gonzaga"]
[WhiteFideId "6325378"]
[BlackFideId "2501309"]
[EventDate "2016.11.06"]

1. e4 d5 2. exd5 Qxd5 3. Nc3 Qa5 4. Nf3 Nf6 5. g3 c6 6. Bg2 Bg4 7. O-O e6 8. Re1
Nbd7 9. d3 Bd6 10. h3 Bh5 11. Ne4 Nxe4 12. dxe4 Ne5 13. Bd2 Qc7 14. Bc3 O-O-O
15. g4 Bg6 16. Qe2 Nxf3+ 17. Qxf3 e5 18. a4 h5 19. b4 hxg4 20. Qxg4+ Kb8 21. Qg3
Rh5 22. b5 Ka8 23. bxc6 Qxc6 24. a5 Rc8 25. Bd2 Bc5 26. Bf3 Rhh8 27. a6 bxa6 28.
Be2 Bxe4 29. Bxa6 Rcd8 30. Bg5 f6 31. Be3 Bxe3 32. Qxe3 Bh1 33. Bf1 Rd7 34. Red1
Rhd8 35. Rxa7+ Rxa7 36. Rxd8+ Kb7 37. Qb3+ Kc7 38. Qb8# 1-0

[Event "32nd ECC Open 2016"]
[Site "Novi Sad SRB"]
[Date "2016.11.07"]
[Round "2.31"]
[White "Jackson, Carl"]
[Black "Yildiz, Ozan"]
[Result "1/2-1/2"]
[WhiteElo "2108"]
[BlackElo "1733"]
[WhiteTeam "Gonzaga"]
[BlackTeam "Hatay Metropolitan"]
[WhiteFideId "2502585"]
[BlackFideId "6323022"]
[EventDate "2016.11.06"]

1. e4 c5 2. Nc3 Nc6 3. g3 g6 4. Bg2 Bg7 5. f4 d6 6. Nf3 e6 7. O-O Nge7 8. d3 Nd4
9. Be3 Nec6 10. Qd2 O-O 11. Rae1 Qc7 12. a3 Bd7 13. Kh1 a6 14. e5 dxe5 15. fxe5
Nxf3 16. Bxf3 Nxe5 17. Bg2 Bc6 18. Bf4 Bxg2+ 19. Qxg2 h6 20. Qe4 f6 21. Bxe5
fxe5 22. Qxg6 Qc6+ 23. Ne4 Rxf1+ 24. Rxf1 Rf8 25. Rxf8+ Kxf8 26. g4 c4 27. dxc4
Qxc4 28. Ng3 e4 29. Qxe4 Qxe4+ 30. Nxe4 Bxb2 31. a4 b5 32. axb5 axb5 33. Kg2 Ke7
34. Kf3 Kd7 35. Nf2 Kd6 36. Ke4 Be5 37. h3 Bc3 38. Nd3 Bf6 39. Nf4 Bg5 40. Ne2
Bd2 41. Nd4 b4 42. h4 Be1 43. Nf3 Bc3 44. g5 hxg5 45. Nxg5 Bf6 46. Nf3 Kc5 47.
Kd3 Kd5 48. h5 e5 49. Nh2 e4+ 50. Ke2 Kd4 51. Ng4 Bg5 52. h6 Bxh6 53. Nxh6 Kc3
54. Kd1 e3 55. Nf5 e2+ 56. Kxe2 Kxc2 57. Nd4+ Kc3 1/2-1/2

[Event "32nd ECC Open 2016"]
[Site "Novi Sad SRB"]
[Date "2016.11.07"]
[Round "2.31"]
[White "Uygun, Nasit"]
[Black "McMorrow, John"]
[Result "0-1"]
[WhiteElo "1589"]
[BlackElo "1971"]
[WhiteTeam "Hatay Metropolitan"]
[BlackTeam "Gonzaga"]
[WhiteFideId "6310346"]
[BlackFideId "2501481"]
[EventDate "2016.11.06"]

1. e4 e5 2. Nf3 Nc6 3. Bb5 a6 4. Ba4 Nf6 5. O-O Be7 6. Re1 b5 7. Bb3 d6 8. c3
O-O 9. h3 Nb8 10. d4 Nbd7 11. Nbd2 Bb7 12. Bc2 c5 13. Nf1 Qc7 14. d5 c4 15. Ng3
g6 16. Nh2 Nc5 17. Bg5 Rfe8 18. Qf3 Nxd5 19. Bxe7 Nxe7 20. Ng4 Nd7 21. Nh6+ Kg7
22. Qe3 f6 23. Rad1 Nc5 24. f4 Ne6 25. f5 Nf4 26. Ng4 h5 27. Nh2 gxf5 28. Ne2
Neg6 29. exf5 Nxe2+ 30. Rxe2 Nf4 31. Rf2 Kf7 32. Rdd2 Rg8 33. Rxf4 exf4 34. Qe6+
Kg7 35. Rxd6 Qc5+ 36. Kh1 Bxg2+ 37. Kxg2 Kh7+ 38. Ng4 hxg4 39. Rd7+ Rg7 40. hxg4
Ra7 41. Rxa7 Qxa7 42. Qxf6 Rxg4+ 43. Kh3 Rg3+ 44. Kh4 Qg7 45. Qxg7+ Kxg7 46. Be4
Kf6 47. Bb7 Kxf5 48. Bxa6 Rg2 49. Kh3 Rxb2 0-1

[Event "32nd ECC Open 2016"]
[Site "Novi Sad SRB"]
[Date "2016.11.07"]
[Round "2.31"]
[White "Byrne, Ray"]
[Black "Buyukasik, Betul"]
[Result "1-0"]
[WhiteElo "1962"]
[BlackElo "1524"]
[WhiteTeam "Gonzaga"]
[BlackTeam "Hatay Metropolitan"]
[WhiteFideId "2500922"]
[BlackFideId "6319599"]
[EventDate "2016.11.06"]

1. d4 Nf6 2. c4 g6 3. Nc3 d5 4. Nf3 Bg7 5. e3 O-O 6. cxd5 Nxd5 7. Bc4 Nxc3 8.
bxc3 c5 9. O-O Qc7 10. Be2 Nd7 11. Bb2 e6 12. Rc1 b6 13. Nd2 Bb7 14. Bf3 Rac8
15. Re1 Nf6 16. Qe2 Rfd8 17. Nf1 Bxf3 18. Qxf3 e5 19. e4 exd4 20. cxd4 Nd7 21.
Ne3 Qb7 22. Nd5 Re8 23. e5 Qb8 24. Nf6+ Nxf6 25. exf6 Bh6 26. Rcd1 cxd4 27. Bxd4
Qc7 28. h4 Rxe1+ 29. Rxe1 Qc4 30. Re4 Qxa2 31. g4 Bf8 32. Qe3 Qb1+ 33. Kg2 Rc1
34. f3 Qa2+ 35. Kg3 Rc2 36. Re8 Rc7 37. Qe7 Rxe7 38. fxe7 Qa3 39. Rxf8# 1-0

[Event "32nd ECC Open 2016"]
[Site "Novi Sad SRB"]
[Date "2016.11.08"]
[Round "3.1"]
[Board "3"]
[White "Morozevich, Alexander"]
[Black "Gelfand, Boris"]
[Result "1/2-1/2"]
[WhiteTitle "GM"]
[BlackTitle "GM"]
[WhiteElo "2683"]
[BlackElo "2720"]
[WhiteTeam "VSK Sveti Nikolaj Srpski"]
[BlackTeam "OR Padova"]
[WhiteFideId "4116992"]
[BlackFideId "2805677"]
[EventDate "2016.11.06"]

1. e4 c5 2. Ne2 Nf6 3. Nbc3 d5 4. exd5 Nxd5 5. Nxd5 Qxd5 6. d4 e5 7. Nc3 Qxd4 8.
Bd3 Bg4 9. f3 Be6 10. Qe2 Nc6 11. Be3 Qd7 12. O-O-O O-O-O 13. Bb5 Qc7 14. Rxd8+
Kxd8 15. Rd1+ Nd4 16. Bc4 Bd6 17. Qd3 Kc8 18. Bxe6+ fxe6 19. Ne4 Be7 20. c3 c4
21. Qf1 Nf5 22. Bf2 b6 23. Qe2 Kb8 24. Kc2 Rc8 25. g4 Nh6 26. h4 Nf7 27. h5 Qc6
28. Bg3 Ka8 29. Kb1 Rf8 30. Qc2 Rd8 31. Rxd8+ Bxd8 32. a4 1/2-1/2

[Event "32nd ECC Open 2016"]
[Site "Novi Sad SRB"]
[Date "2016.11.08"]
[Round "3.1"]
[Board "4"]
[White "Leko, Peter"]
[Black "Ivanisevic, Ivan"]
[Result "1/2-1/2"]
[WhiteTitle "GM"]
[BlackTitle "GM"]
[WhiteElo "2693"]
[BlackElo "2645"]
[WhiteTeam "OR Padova"]
[BlackTeam "VSK Sveti Nikolaj Srpski"]
[WhiteFideId "703303"]
[BlackFideId "912417"]
[EventDate "2016.11.06"]

1. e4 e5 2. Nf3 Nc6 3. Bb5 a6 4. Ba4 Nf6 5. O-O Be7 6. Re1 b5 7. Bb3 d6 8. c3
Na5 9. Bc2 c5 10. h3 g5 11. d4 g4 12. dxe5 dxe5 13. Qxd8+ Bxd8 14. Nxe5 gxh3 15.
g3 h5 16. Nf3 Ng4 17. Bf4 Rg8 18. Nbd2 Be6 19. e5 h4 20. Ne4 hxg3 21. Bxg3 Be7
22. Nd6+ Kf8 23. Nf5 Nc4 24. b3 Nb6 25. Rad1 Nd5 26. c4 bxc4 27. bxc4 Nc3 28.
Nxe7 Kxe7 29. Rd2 Bxc4 30. Bf5 Be6 31. Bxe6 fxe6 32. Rc2 Nd5 33. Rxc5 Rab8 34.
Nh2 Nge3 35. Nf1 Nf5 36. Kh2 Rb2 37. Kxh3 Rh8+ 38. Kg4 Nxg3 39. fxg3 Rg8+ 40.
Kh3 Rh8+ 41. Kg4 Rh1 42. Kf3 Rxa2 43. Rcc1 Rh8 44. Ne3 Ra3 45. Ke4 Nc3+ 46. Kf3
Nd5 47. Ke4 Nc3+ 48. Kf3 Nd5 1/2-1/2

[Event "32nd ECC Open 2016"]
[Site "Novi Sad SRB"]
[Date "2016.11.08"]
[Round "3.1"]
[Board "5"]
[White "Markus, Robert"]
[Black "Bacrot, Etienne"]
[Result "1/2-1/2"]
[WhiteTitle "GM"]
[BlackTitle "GM"]
[WhiteElo "2652"]
[BlackElo "2691"]
[WhiteTeam "VSK Sveti Nikolaj Srpski"]
[BlackTeam "OR Padova"]
[WhiteFideId "921637"]
[BlackFideId "605506"]
[EventDate "2016.11.06"]

1. Nf3 Nf6 2. g3 c5 3. Bg2 g6 4. c4 Bg7 5. d4 cxd4 6. Nxd4 O-O 7. Nc2 Nc6 8. Nc3
d6 9. O-O Qa5 10. Nd5 Nxd5 11. cxd5 Ne5 12. Bd2 Qb6 13. Bc3 Bd7 14. Bd4 Qa5 15.
f4 Ng4 16. Bxg7 Kxg7 17. Qd4+ Kg8 18. h3 Rfc8 19. Rfc1 Nf6 20. Nb4 Rc5 21. a3
Rac8 22. Qe3 Rxc1+ 23. Rxc1 Rxc1+ 24. Qxc1 Qb6+ 25. e3 Qb5 26. Qd2 Qc4 27. Qd4
Qe2 28. e4 a5 29. Na2 Nh5 30. Qf2 Qd3 31. Kh2 b5 32. e5 Qc4 33. Nc3 Qc7 34. exd6
exd6 35. Qd4 f5 36. Bf3 Qc5 37. Ne2 Kf7 38. b4 axb4 39. axb4 Qxd4 40. Nxd4 Nf6
41. Kg2 h5 1/2-1/2

[Event "32nd ECC Open 2016"]
[Site "Novi Sad SRB"]
[Date "2016.11.08"]
[Round "3.1"]
[Board "6"]
[White "Vocaturo, Daniele"]
[Black "Perunovic, Milos"]
[Result "1-0"]
[WhiteTitle "GM"]
[BlackTitle "GM"]
[WhiteElo "2599"]
[BlackElo "2616"]
[WhiteTeam "OR Padova"]
[BlackTeam "VSK Sveti Nikolaj Srpski"]
[WhiteFideId "813192"]
[BlackFideId "921629"]
[EventDate "2016.11.06"]

1. e4 c5 2. Nf3 e6 3. d4 cxd4 4. Nxd4 a6 5. Nc3 d6 6. Bd3 Nf6 7. f4 Qc7 8. O-O
Nbd7 9. Kh1 b5 10. Qe1 Bb7 11. b4 Be7 12. a4 bxa4 13. Nxa4 O-O 14. c4 Rfc8 15.
Nf3 Rab8 16. Bd2 Qd8 17. Qe2 d5 18. exd5 exd5 19. c5 Ne4 20. Ng5 Rc6 21. Nxe4
dxe4 22. Bc4 e3 23. Bxe3 Rg6 24. Rf2 Nf6 25. f5 Rg4 26. Nb6 Qc7 27. Raf1 h5 28.
Bf4 Rxf4 29. Rxf4 a5 30. Qa2 Rd8 31. Bxf7+ Kh7 32. Qe2 axb4 33. Rh4 Qc6 34. Nc4
Bxc5 35. Bxh5 Kg8 36. Bf7+ 1-0

[Event "32nd ECC Open 2016"]
[Site "Novi Sad SRB"]
[Date "2016.11.08"]
[Round "3.2"]
[Board "3"]
[White "Malakhov, Vladimir"]
[Black "Grischuk, Alexander"]
[Result "1/2-1/2"]
[WhiteTitle "GM"]
[BlackTitle "GM"]
[WhiteElo "2698"]
[BlackElo "2751"]
[WhiteTeam "SHSM Legacy Square Moscow"]
[BlackTeam "Syberia"]
[WhiteFideId "4120787"]
[BlackFideId "4126025"]
[EventDate "2016.11.06"]

1. Nf3 Nf6 2. d4 g6 3. e3 Bg7 4. Be2 O-O 5. O-O c5 6. dxc5 Na6 7. Bxa6 bxa6 8.
Nc3 Qc7 9. e4 Bb7 10. Re1 Qxc5 11. Be3 Qc7 12. Qd3 d6 13. Rad1 Rfc8 14. h3 Qc6
15. Nd4 Qc4 16. Qxc4 Rxc4 17. f3 Nd7 18. Nce2 Rcc8 19. c3 a5 20. Nc2 a4 21. Nf4
Kf8 22. Na3 a5 23. Nd5 Ba6 24. Bd4 Bh6 25. Be3 Bg7 26. Bd4 Bh6 27. Be3 1/2-1/2